=LDR 00000nam 2200000 4500 =001 INLIS000000000023763 =005 20130612122408 =008 ***********************************ind** =035 ##$$0010-061300000023763 =041 ##$$a ind =082 ##$$a 2x9.7 =090 ##$$a 2x9.7; RAH k =100 ##$$a Rahimsyah, M.B =245 ##$$a Kisah cerdik Abu Nawas, M.B. Rahimsyah =260 ##$$a [s.a] $b Surabaya =300 ##$$a 80 hlm., ilus., 20 cm =650 ##$$a Kisah Abu Nawas =850 ##$$a NBPNMAT